000 00768nam a2200241 a 4500
001 54413
003 BD-RjUL
005 20211209080121.0
008 880808r19511946maua 000 0 eng
035 _aBD-RjUL54535
040 _aDLC
_cDLC
_dBD-RjUL
_beng
041 _aeng
082 _223
_a537
_bSEE 1958
100 1 _aSears, Francis Weston,
_d1898-1975.
_9120049
245 1 0 _aElectricity and magnetism /
_cby Francis Weston Sears
260 _aCambridge, Mass :
_bAddison-Wesley,
_c1951 [reprinting 1958]
300 _aix. 434 p. :
_bill. ;
_c24 cm
504 _aIncludes bibliographical references and index
650 0 _aElectricity
_9162374
650 0 _aMagnetism
_9162375
830 0 _aAddison-Wesley principles of physics series
_9212671
942 _2ddc
_cBK
999 _c54413
_d54413